000 00637cab a2200229 4500
001 ABS51330
008 090401t1994 xxu||||| |||| 00| 0 eng d
035 _a(Sirsi) u22179
041 _aeng
100 _aHarris, T.
245 _aNot in your back yard?
260 _c1994
350 _a0
490 _aHomes and Ideas
_vOctober 1994, 66-68(3)
520 _aA look at boundary disputes for the layman. This is the only copy of this article.
650 _aBoundary disputes
_96221
650 _aHM LAND REGISTRY
650 _aPOWELL D.
690 _aHIGHWAYS RIGHTS OF WAY AND EASEMENTS
942 _n0
948 _c04/03/1997
999 _c14853
_d14853